000 00483nam a2200181Ia 4500
005 20250326123956.0
008 250326s9999 xx 000 0 und d
037 _aTextbook
040 _aFMSL
_beng
_cFMSL
041 _aeng
_2eng
084 _aXvM7 K3
_qFMSL
100 _aSeligman B B
_9736534
245 0 _aMain currents in modern economics
_cSeligman B B
260 _aNY
_bNY, Free
_c1963
300 _a887p
942 _cTB
_hXvM7 K3
999 _c1271722
_d1271722